00554nam a2200133Ia 4500008004100000100002000041245008100061260008400142300001800226650001400244856007000258999001900328952007300347160712s9999 xx 000 0 und d aOcampo, Nilo s. cNilo S. OcampoaPagtuligsa, Pagbawas at Muling Sipat kay Rizal bilang Bayani c2015bLagda: Journal ng U.P. Departamento ng Filipino at Panitikan ng Pilipinas avol. 10 no. 1 xPANITIKAN uhttp://journals.upd.edu.ph/index.php/lagda/issue/view/545/showToc c297096d297096 001040aCLbCLd2016-07-12l0r2016-07-12 00:00:00w2016-07-12yFEJ